| 000 | 00996nam a22002177a 4500 | ||
|---|---|---|---|
| 999 |
_c5520 _d5520 |
||
| 003 | AR-CdUCM | ||
| 008 | 190312b ||||| |||| 00| 0 spa d | ||
| 040 |
_aMUNICIPALIDAD PROVINCIAL DEL CUSCO _cBIBLIOTECA MUNICIPAL DEL CUSCO |
||
| 082 |
_a396 / _bY63 |
||
| 110 |
_aEdiciones Populares Feministas. _916550 |
||
| 245 |
_aYo cambien soy América : _bHistoria y mujeres de América Hispana / |
||
| 260 |
_aSanto Domingo : _bDominicanas Populares, _c1980. |
||
| 300 |
_a108 páginas ; _bilustraciones, _c27 cm. |
||
| 500 | _aProyecto de estudios Sociales e Historia: Presencia de la mujer. | ||
| 505 | _aContenido: La mujer en la América antigua -- Isabel quería una nación unida y obtuvo un nuevo mundo para España -- La mujer en la conquista y colonización española -- Iguales en la esclavitud -- La independencia en Hispanoamérica ... | ||
| 650 |
_aLa mujer en Hispano América _916551 |
||
| 650 |
_aAmérica _91348 |
||
| 650 |
_aDerechos _96548 |
||
| 942 |
_2ddc _cLIBROS |
||
| 945 | _aachl | ||